| 000 | 00559nam a22001937a 4500 | ||
|---|---|---|---|
| 005 | 20251108174557.0 | ||
| 008 | 250721s9999 xx 000 0 ara d | ||
| 082 | 1 | 4 | _aط/ق/مغا |
| 100 | 1 |
_aمغايري، مازن _eمؤلف |
|
| 245 | 1 | 0 | _aالحمال الهارب / |
| 264 | 1 |
_aحلب : _bدار الرفاعي، _c(19-). |
|
| 300 | _a8ص | ||
| 490 | 0 | _aمغامرات جحا | |
| 650 | 1 | 7 | _aادب الاطفال |
| 650 | 1 | 7 | _aالقصص |
| 653 | _aاطفال مرحله متوسطه (6-9) سنوات | ||
| 942 |
_2ddc _cBK |
||
| 999 |
_c112685 _d112685 |
||